00346nam a2200145Ia 4500008004100000020001500041041001200056082001100068100001700079245003100096250000900127260004100136300000800177650001500185221030s9999 xx 000 0 und d a8180542130 aEnglish a105.23 aN. D. Kapoor 0aElements of Mercantile Law a28th bSultan Chand & SonsaNew Delhic2004 a954 aManagement